000 00404nam a22001697a 4500
003 MPLRDC
005 20220104142344.0
008 210129b ||||| |||| 00| 0 eng d
082 _a177 YF c.2
100 _a于飞译
245 _a自信的心理学
_c
260 _a
_b雷鼓出版社
_c1993
300 _b
490 _a人生心理丛书
650 _a应用心理学
942 _cBK
_o177 YF c.2
999 _c30153
_d30143